La Poda del almendro
Descripción Física:
15 p. : il. ; 21 cm
Materias:
Ametller -- Poda
MARC
| LEADER | 00000nam a2200000Ia 4500 | ||
|---|---|---|---|
| 001 | 8210 | ||
| 008 | 160829s1942 xx 000 0 cat d | ||
| 080 | |a FU-7-55 | ||
| 245 | |a La Poda del almendro | ||
| 260 | |a Barcelona : |b Diputación Provincial de Barcelona. Servicios Técnicos de Agricultura, |c 1942 | ||
| 300 | |a 15 p. : |b il. ; |c 21 cm | ||
| 490 | |a Publicaciones divulgadoras de los Servicios Técnicos de Agricultura ; 3 | ||
| 650 | |a Ametller |x Poda |9 21923 | ||
| 710 | 1 | |a Barcelona (Catalunya : Província). |b Servicios Técnicos de Agricultura |9 54614 | |
| 856 | 4 | |u https://media.diba.cat/diba/fitxers/arxiu/fulletons/bib_8210_baixa.pdf |y Accés lliure | |
| 856 | 4 | |u https://media.diba.cat/diba/fitxers/arxiu/fulletons/bib_8210_baixa.pdf |y Accés lliure | |
| 901 | |a Arxiu | ||
| 942 | |n 1 |2 udc | ||
| 952 | |0 0 |1 0 |4 0 |6 FU755 |7 1 |9 41938 |a Arxiu |b Arxiu |d 2016-12-01 |l 0 |o FU-7-55 |p 8210 |r 2016-12-01 00:00:00 |w 2016-12-01 |y ARXIU | ||
| 999 | |c 44385 |d 44385 | ||
| 900 | |a bib_8210_baixa.pdf | ||